LEADER 02449nam 2200553I 450 001 9910671400303321 010 $a958-774-247-8 035 $a(CKB)4100000007986923 035 $a(OCoLC)1127861517 035 $a(NyNyDIG)DIGUANDES345 035 $a(EXLCZ)994100000007986923 100 $a20191114d2015 uy 0 101 0 $aspa 135 $aur||||||||||| 181 $ctxt$2rdacontent 182 $cc$2rdamedia 183 $acr$2rdacarrier 200 10$aDemocratizacio?n violenta $emovimientos sociales, e?lites y poli?tica en Uraba?, el Cagua?n y Arauca (Colombia), 1984-2008 /$fLeah Anne Carroll ; traduccio?n de Claudia Caicedo Nu?n?ez 205 $aPrimera edicio?n. 210 1$aBogota?, D.C., Colombia :$cUniversidad de los Andes, Facultad de Ciencias Sociales, Departamento de Ciencia Poli?tica :$cEdiciones Uniandes,$dnoviembre del 2015. 215 $a1 online resource $cillustrations, maps 225 1 $aColeccio?n general 311 $a958-774-246-X 320 $aIncludes bibliographical references. 327 $aLas llanuras del Caribe y los Andes centrales : la percepcio?n del espacio geogra?fico -- La morfologi?a del poblamiento -- La organizacio?n poli?tico-administrativa de los asentamientos -- Los pueblos de indios de los Andes centrales y el control social y poli?tico de la poblacio?n rural -- Pueblos de indios, sitios y rochelas en la regio?n Caribe : la subversio?n del orden social colonial -- Territorio y ordenamiento espacial : el caso de los "Chimila". 410 0$aColeccio?n General (Bogota?, Colombia) 606 $aDemocratization$zColombia 606 $aViolence$zColombia 606 $aPolitical violence$zColombia 606 $aSocial movements$zColombia 606 $aElite (Social sciences)$xPolitical activity$zColombia 607 $aColombia$xRural conditions 607 $aColombia$xPolitics and government$y1974- 615 0$aDemocratization 615 0$aViolence 615 0$aPolitical violence 615 0$aSocial movements 615 0$aElite (Social sciences)$xPolitical activity 676 $a320.9861 676 $a986.10635 700 $aCarroll$b Leah Anne$01121255 701 $aCarroll$b Leah Anne$01121255 702 $aCaicedo Nu?n?ez$b Claudia 801 0$bDGITA 801 1$bDGITA 906 $aBOOK 912 $a9910671400303321 996 $aDemocratizacio?n violenta$93052490 997 $aUNINA LEADER 01283nam a2200277 i 4500 001 991001215509707536 008 050916s2004 dcua b 001 0 eng d 020 $a0841238650 035 $ab13337907-39ule_inst 040 $aDi.S.Te.B.A.$beng 082 00$a547.780459$222 245 00$aSynthesis of carbohydrates through biotechnology /$cPeng George Wang, editor, Yoshi Ichikawa, editor ; sponsored by the ACS Divisions of Carbohydrate Chemistry 260 $aWashington :$bAmerican Chemical Society,$c2004 300 $axi, 195 p. :$bill. ;$c24 cm 440 0$aACS symposium series ;$v873 504 $aIncludes bibliographical references and index 650 0$aCarbohydrates$vCongresses 650 0$aOrganic compounds$xSynthesis$vCongresses 700 1 $aWang, Peng George$eauthor$4http://id.loc.gov/vocabulary/relators/aut$0738023 700 1 $aIchikawa, Yoshi$eauthor$4http://id.loc.gov/vocabulary/relators/aut$0738024 907 $a.b13337907$b21-09-06$c16-09-05 912 $a991001215509707536 945 $aLE003 547.78 WAN01.01 (2004)$g1$i2003000094237$lle003$op$pE106.00$q-$rl$s- $t0$u0$v0$w0$x0$y.i14185763$z31-01-06 996 $aSynthesis of carbohydrates through biotechnology$91461593 997 $aUNISALENTO 998 $ale003$b16-09-05$cm$da $e-$feng$gdcu$h0$i0